000 00969nam a22002895i 4500
003 EG-ScBUE
005 20260201142627.0
008 200219s2025 ua g 000 f ara d
017 _a13646 / 2025
020 _a9789779603452
040 _aEG-ScBUE
_bara
_erda
_cEG-ScBUE
_dEG-ScBUE
082 0 4 _a892.736
_bم هـ د
_222
100 1 _aالمهدي ، ميرنا،
_eمؤلف.
245 1 0 _aقضية ذيل القط :
_bتحقيقات نوح الألفي : رواية /
_cميرنا المهدي.
250 _aالطبعة العشرون.
264 1 _aالقاهرة :
_bدار الكرمة،
_c2025.
300 _a299 صفحة ؛
_c22 سم
336 _aنص
_btxt
_2rdacontent
337 _aبدون وسيط
_bn
_2rdamedia
338 _aمجلد
_bnc
_2rdacarrier
541 _aBook Fair, 2026
650 7 _aالقصص العربية
_yقرن 21.
_2BUEsh
651 _2BUEsh
653 _bARALIT
_bGGEN
_cJanuary2026
655 _vReading book
942 _2ddc
999 _c31059
_d31030